Statistics for All my favorite songs (Weezer ft. AJR)

Click here to take the quiz!

General Stats

  • This quiz has been taken 19 times
  • The average score is 195 of 241

Answer Stats

Answer% Correct
a
100%
I
100%
i
100%
me
100%
all
94%
All
94%
and
94%
are
94%
favorite
94%
make
94%
my
94%
slow
94%
so
94%
songs
94%
do
88%
dont
88%
feel
88%
go
88%
good
88%
love
88%
mad
88%
sad
88%
that
88%
bad
81%
everything
81%
is
81%
people
81%
the
81%
when
81%
with
81%
in
75%
know
75%
whats
75%
wrong
75%
but
69%
'Cause
69%
'cause
69%
feels
69%
home
69%
stay
69%
then
69%
be
63%
fall
63%
friend
63%
like
63%
need
63%
out
63%
parties
63%
take
63%
who
63%
everyone
56%
hates
56%
spacin'
56%
walk
56%
guilty
50%
im
50%
no
50%
rich
50%
somebody
50%
wanna
50%
been
44%
dad
44%
man
44%
mom
44%
one
44%
same
44%
sorry
44%
talks
44%
wish
44%
yes
44%
you
44%
ashamed
38%
best
38%
calls
38%
got
38%
I'd
38%
I've
38%
left
38%
more
31%
myself
31%
now
31%
wishes
31%

Score Distribution

Percentile by Number Answered

Percent of People with Each Score

Your Score History

You have not taken this quiz